000 00532nam a22001817a 4500
999 _c12168
_d12168
008 210121b ||||| |||| 00| 0 eng d
020 _a81-7028-135-0
_cRs.150.00
041 0 _ahin
082 0 0 _a891.43
_bC4958
100 _93631
_aChatursen, Acharya
245 1 0 _aVayam Rakshamah /
_cby Acharya Chatursen
245 1 0 _aवयं रक्षाम /
_cआचार्य चतुरसेन
260 _aDelhi:
_bRajpal and sons,
_c1995.
300 _a427 p.
365 _bINR 150.00
650 0 _aHindi fiction
942 _cBK